An introduction to the Holy Land, (Record no. 7345)

MARC details
000 -LEADER
fixed length control field 00765nam a2200253 4500
001 - CONTROL NUMBER
control field 1268944
003 - CONTROL NUMBER IDENTIFIER
control field GBCCL
005 - DATE AND TIME OF LATEST TRANSACTION
control field 20241126110625.0
008 - FIXED-LENGTH DATA ELEMENTS--GENERAL INFORMATION
fixed length control field 700106s1969 enkabf 001 0 eng
010 ## -
-- 74434474
015 ## -
-- B69-23183
020 ## - INTERNATIONAL STANDARD BOOK NUMBER
International Standard Book Number 0715604473
040 ## - CATALOGING SOURCE
Original cataloging agency DLC
Transcribing agency DLC
Modifying agency DLC
050 00 -
-- DS107.4
-- .H344
082 00 - DEWEY DECIMAL CLASSIFICATION NUMBER
Classification number 915.694045
Item number HAS
100 1# - MAIN ENTRY--PERSONAL NAME
Personal name Haswell, John Hirst Winn.
9 (RLIN) 12994
245 13 - TITLE STATEMENT
Title An introduction to the Holy Land,
Remainder of title based on modern tour routes
Statement of responsibility, etc. [by] J. H. Winn Haswell.
260 ## - PUBLICATION, DISTRIBUTION, ETC.
Place of publication, distribution, etc. London,
Name of publisher, distributor, etc. Duckworth,
Date of publication, distribution, etc. 1969.
300 ## - PHYSICAL DESCRIPTION
Extent xii, 140 p.
Other physical details 27 plates, illus., maps.
Dimensions 23 cm.
350 ## - PRICE (NR) (BK AM CF MU VM SE) [OBSOLETE]
Price 42/-
651 #0 - SUBJECT ADDED ENTRY--GEOGRAPHIC NAME
Geographic name Palestine
General subdivision Description and travel.
9 (RLIN) 286
906 ## - LOCAL DATA ELEMENT F, LDF (RLIN)
a 7
b cbc
c orignew
d u
e ncip
f 19
g y-gencatlg
942 ## - ADDED ENTRY ELEMENTS (KOHA)
Source of classification or shelving scheme Dewey Decimal Classification
Koha item type Books
Holdings
Withdrawn status Lost status Source of classification or shelving scheme Damaged status Not for loan Home library Current Library Shelving location Date acquired Total checkouts Full call number Barcode Date last seen Copy number Price effective from Koha item type
    Dewey Decimal Classification     GRACE BIBLE COLLEGE GRACE BIBLE COLLEGE General Studies 2018-07-30   915.694045 HAS 002187 2025-05-01 c.1 2018-07-30 Books
© Grace Bible College Library 2025